| 000 | 00728nam a2200241 i 4500 | ||
|---|---|---|---|
| 003 | EG-ScBUE | ||
| 005 | 20240910102508.0 | ||
| 008 | 090205s2003 ii a f 000 0 eng d | ||
| 020 | _a8126115599 | ||
| 020 | _a9788126115594 | ||
| 040 |
_aEG-ScBUE _beng _erda _cEG-ScBUE _dEG-ScBUE |
||
| 082 | 0 | 4 |
_222 _a511 _bDAW |
| 100 | 1 |
_aDawra, Sudhir, _eauthor. |
|
| 245 | 1 | 0 |
_aDiscrete mathematics / _cby Sudhir Dawra. |
| 264 | 1 |
_aNew Delhi : _bAnmol publications, _c2003. |
|
| 300 |
_a345 pages : _billustrations ; _c22 cm |
||
| 336 |
_2rdacontent _atext _btxt |
||
| 337 |
_aunmediated _2rdamedia _bn |
||
| 338 |
_avolume _bnc _2rdacarrier |
||
| 650 | 7 |
_2BUEsh _aComputer science _xMathematics. |
|
| 655 | _vReading book | ||
| 942 |
_2ddc _cBB |
||
| 999 |
_c10709 _d10709 |
||